Hồi kí Nguyễn Hiến Lê

Hồi Ký Nguyễn Hiến Lê là tập hồi ký của một học giả nghiêm túc, một nhà văn đầy lòng nhiệt huyết, người luôn được mọi người yêu mến và kính nể. Tuy là hồi ký nhưng người đọc có thể cảm nhận được xã hội Việt Nam trong từng sư...

詳細記述

保存先:
書誌詳細
第一著者: Nguyễn, Hiến Lê
フォーマット: 図書
言語:Undetermined
出版事項: Hà Nội Văn học 2006
主題:
タグ: タグ追加
タグなし, このレコードへの初めてのタグを付けませんか!
Thư viện lưu trữ: Trung tâm Học liệu Trường Đại học Cần Thơ
LEADER 01134nam a2200217Ia 4500
001 CTU_134816
008 210402s9999 xx 000 0 und d
020 |c 92000 
082 |a 809 
082 |b L250 
100 |a Nguyễn, Hiến Lê 
245 0 |a Hồi kí Nguyễn Hiến Lê 
245 0 |c Nguyễn Hiến Lê 
260 |a Hà Nội 
260 |b Văn học 
260 |c 2006 
520 |a Hồi Ký Nguyễn Hiến Lê là tập hồi ký của một học giả nghiêm túc, một nhà văn đầy lòng nhiệt huyết, người luôn được mọi người yêu mến và kính nể. Tuy là hồi ký nhưng người đọc có thể cảm nhận được xã hội Việt Nam trong từng sự kiện, từng con người suốt hai cuộc kháng chiến chống xâm lược, được đánh giá qua cách nhìn của Nguyễn Hiến Lê. 
650 |a Vietnamese literature 
650 |x Biography 
904 |i Duy Bằng 
980 |a Trung tâm Học liệu Trường Đại học Cần Thơ